American women: report of the Presidents Commission on the Status of Women (Record no. 488830)

000 -LEADER
fixed length control field 00484cam a22001337a 4500
008 - FIXED-LENGTH DATA ELEMENTS--GENERAL INFORMATION
fixed length control field 180718b1963 xxu||||| |||| 00| 0 eng d
082 ## - DEWEY DECIMAL CLASSIFICATION NUMBER
Classification number B142x73 Un3
100 ## - MAIN ENTRY--PERSONAL NAME
Personal name United Status. President's Commission on the Status of Women
245 ## - TITLE STATEMENT
Title American women: report of the Presidents Commission on the Status of Women
260 ## - PUBLICATION, DISTRIBUTION, ETC.
Place of publication, distribution, etc. Washington, D.C.
Name of publisher, distributor, etc. Government Printing Office
Date of publication, distribution, etc. 1963
300 ## - PHYSICAL DESCRIPTION
Extent 86+p.
500 ## - GENERAL NOTE
General note Chairman: Eleqnor Roosevelt
700 ## - ADDED ENTRY--PERSONAL NAME
Personal name Roosevelt, Eleaner (Chairman)
Holdings
Withdrawn status Lost status Damaged status Not for loan Permanent Location Current Location Date acquired Full call number Barcode Date last seen Price effective from Koha item type
        Indian Institute of Public Administration Indian Institute of Public Administration 2018-08-04 B142x73 Un3 G4988 2018-08-04 2018-08-04 G

Powered by Koha